[Event "GAMMA Reykjavik Open 2019"]
[Site "Reykjavik"]
[Date "2019.04.13"]
[Round "6.21"]
[White "Korley, Kassa"]
[Black "Jacobsen, Mikkel Manosri"]
[Result "1-0"]
[WhiteElo "2440"]
[BlackElo "2302"]
[Annotator "NA"]
[PlyCount "149"]
[EventDate "2019.04.04"]
[EventType "swiss"]
[EventCountry "ISL"]
[SourceTitle "playchess.com"]
[Source "ChessBase"]
[SourceQuality "1"]
[TimeControl "40/5400+30:1800+30"]

1. d4 {[%emt 0:00:00]} Nf6 {[%emt 0:00:00]} 2. c4 {[%emt 0:00:00]} e6 {[%emt 0:00:00]} 3. Nf3 {[%emt 0:00:00]} d5 {[%emt 0:00:00]} 4. Nc3 {[%emt 0:00:00]} Nbd7 {[%emt 0:00:00]} 5. Bf4 {[%emt 0:04:01]} a6 {[%emt 0:00:00]} 6. cxd5 {[%emt 0:00:45]} exd5 {[%emt 0:00:02]} 7. e3 {[%emt 0:00:24]} Be7 {[%emt 0:00:06]} 8. Bd3 {[%emt 0:00:34]} O-O {[%emt 0:00:07]} 9. O-O {[%emt 0:00:13]} c5 {[%emt 0:01:12]} 10. dxc5 {[%emt 0:00:36]} Nxc5 {[%emt 0:00:16]} 11. Nd4 {[%emt 0:04:52]} Qb6 {[%emt 0:03:23]} 12. Rb1 {[%emt 0:02:28]} Rd8 {[%emt 0:07:22]} 13. b4 {[%emt 0:15:21]} Nxd3 {[%emt 0:03:07]} 14. Qxd3 {[%emt 0:07:12]} Bd7 {[%emt 0:06:51]} 15. Be5 {[%emt 0:03:30]} Be8 {[%emt 0:01:10]} 16. Rfd1 {[%emt 0:15:14]} Bf8 {[%emt 0:05:49]} 17. Nf3 {[%emt 0:07:43]} Bb5 {[%emt 0:04:43]} 18. Nxb5 {[%emt 0:02:24]} axb5 {[%emt 0:00:08]} 19. Bxf6 {[%emt 0:05:46]} Qxf6 {[%emt 0:01:12]} 20. Qxb5 {[%emt 0:02:03]} Rxa2 {[%emt 0:00:15]} 21. Qxb7 {[%emt 0:00:14]} Qf5 {[%emt 0:03:21]} 22. Qb5 {[%emt 0:01:38]} Rc8 {[%emt 0:04:55]} 23. Qxd5 {[%emt 0:04:06]} Qxd5 {[%emt 0:00:19]} 24. Rxd5 {[%emt 0:00:02]} Rb2 {[%emt 0:03:32]} 25. Rdd1 {[%emt 0:01:21]} Rxb1 {[%emt 0:01:19]} 26. Rxb1 {[%emt 0:00:03]} Bxb4 {[%emt 0:00:05]} 27. g4 {[%emt 0:00:25]} Bd6 {[%emt 0:01:30]} 28. Kg2 {[%emt 0:02:49]} h6 {[%emt 0:01:39]} 29. h3 {[%emt 0:01:34]} g6 {[%emt 0:00:21]} 30. Rb2 {[%emt 0:00:13]} Rc5 {[%emt 0:01:30]} 31. Ra2 {[%emt 0:00:17]} h5 {[%emt 0:02:34]} 32. Nd2 {[%emt 0:03:29]} hxg4 {[%emt 0:00:22]} 33. hxg4 {[%emt 0:00:10]} Rc1 {[%emt 0:01:08]} 34. Ne4 {[%emt 0:00:08]} Be7 {[%emt 0:00:17]} 35. Ra7 {[%emt 0:03:45]} Kf8 {[%emt 0:00:12]} 36. Ra8+ {[%emt 0:04:53]} Kg7 {[%emt 0:02:11]} 37. Re8 {[%emt 0:00:09]} Rc7 {[%emt 0:00:42]} 38. f4 {[%emt 0:01:03]} f6 {[%emt 0:00:22]} 39. Kf3 {[%emt 0:00:45]} Kf7 {[%emt 0:01:15]} 40. Ra8 {[%emt 0:00:00]} Ke6 {[%emt 0:00:00]} 41. Ra6+ {[%emt 0:03:04]} Kf7 {[%emt 0:03:13]} 42. f5 {[%emt 0:00:13]} gxf5 {[%emt 0:01:21]} 43. gxf5 {[%emt 0:00:02]} Rc1 {[%emt 0:01:03]} 44. Ng3 {[%emt 0:01:49]} Rd1 {[%emt 0:03:16]} 45. Ra5 {[%emt 0:05:01]} Bd6 {[%emt 0:00:45]} 46. Ra7+ {[%emt 0:00:05]} Kf8 {[%emt 0:01:56]} 47. Nh5 {[%emt 0:02:01]} Be5 {[%emt 0:03:38]} 48. Ng7 {[%emt 0:00:10]} Rb1 {[%emt 0:00:49]} 49. Ne6+ {[%emt 0:00:05]} Ke8 {[%emt 0:00:30]} 50. Nc5 {[%emt 0:03:12]} Rb5 {[%emt 0:01:32]} 51. Ne4 {[%emt 0:01:19]} Rb4 {[%emt 0:04:49]} 52. Nf2 {[%emt 0:01:25]} Rc4 {[%emt 0:00:42]} 53. Ng4 {[%emt 0:00:15]} Bc3 {[%emt 0:00:53]} 54. Rg7 {[%emt 0:08:18]} Bb2 {[%emt 0:01:23]} 55. Rg8+ {[%emt 0:01:33]} Ke7 {[%emt 0:00:13]} 56. Rg7+ {[%emt 0:00:17]} Ke8 {[%emt 0:00:43]} 57. Rb7 {[%emt 0:00:11]} Bc3 {[%emt 0:01:39]} 58. Nh6 {[%emt 0:00:28]} Ra4 {[%emt 0:01:37]} 59. Nf7 {[%emt 0:00:18]} Kf8 {[%emt 0:00:40]} 60. Nh8 {[%emt 0:00:17]} Ke8 {[%emt 0:03:38]} 61. Ng6 {[%emt 0:00:02]} Ba1 {[%emt 0:01:10]} 62. Re7+ {[%emt 0:00:09]} Kd8 {[%emt 0:00:14]} 63. Re6 {[%emt 0:00:09]} Kd7 {[%emt 0:02:49]} 64. e4 {[%emt 0:01:07]} Ra3+ {[%emt 0:01:54]} 65. Kg4 {[%emt 0:00:45]} Rd3 {[%emt 0:00:39]} 66. Nf8+ {[%emt 0:00:40]} Kc7 {[%emt 0:00:39]} 67. Kh5 {[%emt 0:02:15]} Rd8 {[%emt 0:04:07]} 68. Nh7 {[%emt 0:00:34]} Rd6 {[%emt 0:00:16]} 69. Kg6 {[%emt 0:00:28]} Bc3 {[%emt 0:05:17]} 70. Nxf6 {[%emt 0:01:06]} Rxe6 {[%emt 0:00:11]} 71. fxe6 {[%emt 0:00:04]} Kd8 {[%emt 0:00:06]} 72. Kf7 {[%emt 0:00:43]} Bxf6 {[%emt 0:00:09]} 73. Kxf6 {[%emt 0:00:07]} Ke8 {[%emt 0:00:07]} 74. e7 {[%emt 0:00:04]} Kd7 {[%emt 0:00:09]} 75. Kf7 {[%emt 0:00:04]} 1-0

[Event "GAMMA Reykjavik Open 2019"]
[Site "Reykjavik"]
[Date "2019.04.13"]
[Round "6.22"]
[White "Gretarsson, Hjorvar Steinn"]
[Black "Piasetski, Leon"]
[Result "1-0"]
[WhiteElo "2571"]
[BlackElo "2222"]
[Annotator "TA"]
[PlyCount "61"]
[EventDate "2019.04.04"]
[EventType "swiss"]
[EventCountry "ISL"]
[SourceTitle "playchess.com"]
[Source "ChessBase"]
[SourceQuality "1"]

{[%evp 17,61,70,66,76,77,91,97,99,132,114,114,113,118,-12,14,6,29,-9,29,24,23,20,46,26,49,-29,-20,-30,-13,0,-13,-9,0,-12,114,68,306,306,250,260,1011,1011,1048,853,29993,29994]} 1. e4 c5 2. Nf3 Nc6 3. d4 cxd4 4. Nxd4 Qb6 5. Nb3 Nf6 6. Nc3 e6 7. Be3 Qc7 8. a3 a6 9. f4 d6 10. g4 {B33: Sicilian: Pelikan and Sveshnikov Variations} b5 11. g5 Nd7 12. h4 {White is better.} Bb7 13. Bg2 $146 ({Predecessor:} 13. h5 Nb6 14. Qf3 b4 15. Qf2 bxc3 16. Bxb6 Qc8 17. bxc3 Be7 {1-0 (41) Bogner,S (2599)-Naiditsch,A (2702) Douglas 2017}) 13... Nb6 14. Qe2 Nc4 15. Bc1 ({White should play} 15. O-O-O $16) 15... Qb6 16. Nd1 {[%cal Bc3d1,Bd1f2,Bf2g4,Bg4e3,Be3f5][%mdl 32]} Rc8 17. c3 N6a5 18. Nxa5 Nxa5 19. Be3 Qc7 20. Nf2 Nc4 21. Bd4 (21. h5 $14) 21... e5 $11 22. Be3 $1 Nxe3 23. Qxe3 exf4 24. Qxf4 Be7 25. Ng4 Qc4 (25... O-O $11) 26. Ne3 $16 Qb3 $2 {[#]} (26... Qe6 $14) 27. Nf5 $1 $18 {[%csl LRd6,LRg7]} Qxb2 28. O-O Qb3 $2 (28... Rc7) 29. Rad1 ({Weaker is} 29. Nxe7 Kxe7 30. Rad1 Rhd8 $16) 29... Rd8 30. Nxg7+ Kf8 {[#]} 31. Rd5 $1 {[%mdl 512] Accuracy: White = 57%, Black = 21%.} 1-0

[Event "GAMMA Reykjavik Open 2019"]
[Site "Reykjavik"]
[Date "2019.04.13"]
[Round "6.23"]
[White "Gukesh D"]
[Black "Schwerteck, Michael"]
[Result "1-0"]
[WhiteElo "2536"]
[BlackElo "2099"]
[Annotator "TA"]
[PlyCount "55"]
[EventDate "2019.04.04"]
[EventType "swiss"]
[EventCountry "ISL"]
[SourceTitle "playchess.com"]
[Source "ChessBase"]
[SourceQuality "1"]

{[%evp 11,55,20,24,0,3,8,22,27,31,29,37,18,27,29,36,8,26,2,53,36,26,-4,-7,-16,0,8,22,-12,133,122,142,127,130,134,112,138,400,355,348,358,485,429,575,557,535,522]} 1. Nf3 d5 2. g3 Bg4 3. Bg2 Nd7 4. O-O c6 5. d3 Ngf6 6. h3 Bh5 7. Qe1 {A07: Réti Opening: New York and Capablanca Systems} e5 8. e4 dxe4 (8... Bd6 9. exd5 Bxf3 10. Bxf3 Nxd5 11. Nc3 Nxc3 12. bxc3 O-O 13. a4 a5 14. Bg2 Qc7 {½-½ (75) Howell,D (2682)-Vitiugov,N (2732) Caleta 2018}) 9. dxe4 {The position is equal.} Bc5 10. a4 O-O 11. Na3 {[%cal Bb1a3,Ba3c4,Bc4e3,Be3f5,Bf5g3][%mdl 32]} Re8 12. Nh4 Qc7 13. Nc4 Nb6 14. Ne3 Rad8 (14... a5 $11) 15. b3 $146 ({Predecessor:} 15. Nef5 Nbd7 16. b4 Bf8 17. g4 Bg6 18. Ng3 a5 19. Qe2 {0-1 (41) Lizorkina,V (1828)-Sukhorskij,V (1982) LSS email 2011}) 15... Nfd7 16. Kh1 f6 17. f4 exf4 18. gxf4 Nc8 19. Nef5 Nd6 (19... Ne7 $11) 20. Ng3 $1 $16 {[%cal Rg3h5]} Bf7 {[#]} 21. b4 $1 Bc4 22. Rf3 Bd4 {[#]} 23. c3 $1 {[%cal Rc3d4]} Nxe4 $2 {[%mdl 8192]} (23... Be5 $16 {is a better defense.} 24. Qg1 (24. fxe5 Nxe5 25. Re3 Bb3 $16) 24... Kh8) 24. Nxe4 $18 ({Less strong is} 24. cxd4 Nd6 $16) 24... Bd5 25. Rg3 ({Weaker is} 25. cxd4 Bxe4 26. Re3 Bxg2+ 27. Kxg2 Rxe3 $18) 25... Bxe4 26. Bxe4 {White is clearly winning.} Bf2 27. Qxf2 {Qa2+ is the strong threat.} Rxe4 {[#]} 28. Be3 {Played: Rg3xg7} 1-0

[Event "GAMMA Reykjavik Open 2019"]
[Site "Reykjavik"]
[Date "2019.04.13"]
[Round "6.24"]
[White "Kanarek, Marcel"]
[Black "Botez, Alexandra"]
[Result "1-0"]
[WhiteElo "2505"]
[BlackElo "2033"]
[Annotator "TA"]
[PlyCount "119"]
[EventDate "2019.04.04"]
[EventType "swiss"]
[EventCountry "ISL"]
[SourceTitle "playchess.com"]
[Source "ChessBase"]
[SourceQuality "1"]

{[%evp 10,119,43,33,76,29,27,0,39,39,39,39,39,39,39,39,46,31,36,34,45,23,23,23,25,20,23,12,12,12,14,13,27,8,13,11,27,26,34,34,66,64,68,58,80,80,77,77,79,79,83,78,83,77,84,73,110,108,108,27,30,28,28,28,28,28,28,27,27,27,27,27,27,29,296,295,292,277,490,486,437,439,393,312,557,546,539,539,588,699,753,789,1267,1259,1195,1131,1142,1091,2730,1852,1758,1733,1302,1181,29983,29984,29984,29985,29987,29988,29986,29987]} 1. d4 Nf6 2. Bf4 g6 3. Nc3 Bg7 4. e4 d6 5. Qd2 c6 6. Nf3 Qa5 {B08: Pirc Defence: Classical System} (6... O-O 7. h3 Qa5 8. e5 dxe5 9. dxe5 Nd5 10. Nxd5 Qxd2+ 11. Bxd2 cxd5 12. O-O-O Nc6 13. Bc3 e6 14. h4 h6 {0-1 (79) Vachier Lagrave,M (2779)-Carlsen,M (2842) Biel 2018}) 7. Bd3 Bg4 8. e5 (8. Be2 {keeps more tension.} e5 9. Be3 O-O 10. O-O Nbd7 11. Rfd1) 8... Nd5 $146 {The position is equal.} (8... Nh5 {is interesting.} 9. exd6 Bxf3 10. gxf3 Bxd4 11. dxe7 Nxf4 12. Qxf4 Bxc3+ 13. bxc3 Qxc3+ 14. Ke2 Nd7) ({Predecessor:} 8... dxe5 9. Nxe5 Be6 10. O-O O-O 11. Ne2 Qxd2 12. Bxd2 Rd8 13. c3 {0-1 (52) Babaoglu,C (2113)-Arman,D (2273) Konya 2017}) 9. Nxd5 Qxd2+ 10. Nxd2 cxd5 11. exd6 Bxd4 12. dxe7 Nc6 13. h3 (13. O-O {feels hotter.} Bf6 14. Rfe1 Bxe7 15. Bb5 Be6 16. Nf3) 13... Be6 14. c3 Bc5 15. O-O (15. Nf3 {looks sharper.} Bxe7 16. O-O-O Bf6 17. Bb5 O-O 18. Rhe1) 15... Bxe7 16. Nf3 O-O 17. Rfe1 Bf6 18. Bb5 a6 19. Ba4 b5 20. Bb3 Rad8 21. Bg5 Bxg5 22. Nxg5 Rfe8 23. Rad1 h6 24. Nf3 Re7 25. Nd4 $36 {[%mdl 2048] White fights for an advantage.} Na5 26. Bc2 {Strongly threatening b4.} Rde8 27. a4 Bd7 28. Rxe7 Rxe7 29. axb5 axb5 30. Ra1 Nc4 31. b3 Nd6 32. Kf1 Kg7 33. Ra7 Kf8 34. Rc7 (34. Ra6 $16 Ne4 35. Bxe4 dxe4 36. Ke2) 34... b4 $1 $11 35. cxb4 Nb5 36. Rxd7 $1 Nxd4 37. Rxe7 Kxe7 {[%mdl 4096] Endgame KB-KN} 38. Bd1 Kd6 39. Ke1 Nc6 $1 40. b5 Nd4 41. b6 Kc5 $2 {[%mdl 8192]} (41... Kc6 $11) 42. b7 $18 Nc6 43. Kd2 Kd4 $2 {[#]} (43... Nb8 44. Bf3 Kc6) 44. b4 $1 {[%mdl 512]} Nb8 (44... Nxb4 45. b8=Q) 45. Ba4 f6 46. Bb5 f5 $2 (46... g5 47. Be8 Kc4) 47. h4 g5 48. h5 g4 49. Bd3 f4 50. Be2 g3 51. fxg3 fxg3 52. Bb5 Ke4 53. Ke2 d4 54. Kd2 Kf4 55. Kd3 Ke5 56. Be8 Kd5 57. b5 {White mates.} Ke5 58. Bc6 Kf4 59. Kxd4 Kg5 60. Ke5 {Accuracy: White = 66%, Black = 50%.} 1-0

[Event "GAMMA Reykjavik Open 2019"]
[Site "Reykjavik"]
[Date "2019.04.13"]
[Round "6.25"]
[White "Birkisson, Bjorn Holm"]
[Black "Hambleton, Aman"]
[Result "0-1"]
[WhiteElo "2094"]
[BlackElo "2484"]
[Annotator "TA"]
[PlyCount "84"]
[EventDate "2019.04.04"]
[EventType "swiss"]
[EventCountry "ISL"]
[SourceTitle "playchess.com"]
[Source "ChessBase"]
[SourceQuality "1"]

{[%evp 15,84,54,62,37,50,10,2,3,22,0,0,-8,0,-16,0,-40,-44,-60,-60,-76,-74,-72,-76,-157,-154,-142,-153,-168,-169,-167,-167,-166,-167,-168,-174,-176,-160,-201,-189,-210,-180,-194,-172,-181,-180,-182,-164,-222,-188,-184,-182,-194,-189,-222,-208,-212,-214,-207,-205,-233,-233,-275,-245,-338,-307,-452,-430,-566,-553,-743,-739]} 1. Nf3 Nf6 2. c4 c5 3. Nc3 b6 4. e3 Bb7 5. d4 cxd4 6. exd4 e6 7. Bd3 d6 8. O-O Be7 9. Qe2 {E14: Queen's Indian: Classical Variation (4 e3)} O-O 10. b3 Re8 11. Bb2 {The position is equal.} Nbd7 12. Nd2 $146 ({Predecessor:} 12. Ng5 h6 13. f4 e5 14. d5 exf4 15. Nh3 Bf8 16. Qd2 {0-1 (56) Krush,I (2483)-Ikonnikov,V (2580) Caleta 2011}) 12... Rc8 13. f4 Bf8 14. Nce4 g6 15. a4 Nxe4 16. Bxe4 d5 17. Bd3 Bg7 18. Nf3 dxc4 19. bxc4 {[#]} (19. Bxc4 $142 Nf6 20. Ne5) 19... Bxf3 $1 $17 20. Qxf3 {[#]} Nc5 $1 {[%mdl 512]} 21. Qe3 (21. dxc5 Bxb2) 21... Nb3 {[%mdl 64] Double Attack} 22. Rad1 Bxd4 23. Bxd4 Qxd4 ({But not} 23... Nxd4 24. Bxg6 hxg6 25. Rxd4 $17) 24. Qxd4 Nxd4 25. Rfe1 Red8 26. Bf1 Nb3 27. Be2 Na5 28. g4 Kf8 29. Kf2 Rxd1 30. Rxd1 $19 {[%mdl 4096] Endgame KRB-KRN} Ke7 31. Rd4 (31. Rc1 $142) 31... Nb3 32. Rd1 Rc5 33. Rb1 Nd4 34. Bf1 Ra5 35. Ke3 e5 36. fxe5 Ne6 37. Ra1 Nc5 ({Don't play} 37... Rxe5+ 38. Kf3) 38. Kf4 Rxa4 39. Rd1 h6 40. Rd5 (40. h4 $142) 40... Ra2 {...Rf2+ is the strong threat.Black is clearly winning.} 41. Kg3 a5 {[%cal Ba7a5,Ba5a4][%mdl 32]} 42. h4 a4 {Accuracy: White = 38%, Black = 73%.} 0-1

[Event "GAMMA Reykjavik Open 2019"]
[Site "Reykjavik"]
[Date "2019.04.13"]
[Round "6.26"]
[White "Mai, Aron Thor"]
[Black "Prithu Gupta"]
[Result "0-1"]
[WhiteElo "2067"]
[BlackElo "2478"]
[Annotator "ChessBase"]
[PlyCount "58"]
[EventDate "2019.04.04"]
[EventType "swiss"]
[EventCountry "ISL"]
[SourceTitle "playchess.com"]
[Source "ChessBase"]
[SourceQuality "1"]
[TimeControl "40/5400+30:1800+30"]

1. e4 {[%emt 0:00:00]} e5 {[%emt 0:00:00]} 2. Nf3 {[%emt 0:00:00]} Nc6 {[%emt 0:00:00]} 3. Nc3 {[%emt 0:00:02]} Nf6 {[%emt 0:00:00]} 4. Bb5 {[%emt 0:00:09]} Bd6 {[%emt 0:00:00]} 5. d3 {[%emt 0:00:37]} O-O {[%emt 0:04:38]} 6. a3 {[%emt 0:20:22]} Ne7 {[%emt 0:04:10]} 7. O-O {[%emt 0:18:27]} c6 {[%emt 0:00:05]} 8. Ba4 {[%emt 0:00:57]} Bc7 {[%emt 0:00:08]} 9. d4 {[%emt 0:01:13]} d5 {[%emt 0:06:12]} 10. dxe5 {[%emt 0:05:10]} Nxe4 {[%emt 0:00:15]} 11. Nxe4 {[%emt 0:06:11]} dxe4 {[%emt 0:00:06]} 12. Qxd8 {[%emt 0:00:44]} Rxd8 {[%emt 0:00:15]} 13. Ng5 {[%emt 0:00:19]} Bf5 {[%emt 0:13:36]} 14. Bb3 {[%emt 0:00:34]} Nd5 {[%emt 0:01:29]} 15. c4 {[%emt 0:00:58]} Nb6 {[%emt 0:05:31]} 16. Re1 {[%emt 0:04:25]} Bxe5 {[%emt 0:02:29]} 17. c5 {[%emt 0:03:51]} Nd5 {[%emt 0:00:07]} 18. Bc2 {[%emt 0:15:35]} Nf6 {[%emt 0:02:17]} 19. g4 {[%emt 0:02:05]} Nxg4 {[%emt 0:01:25]} 20. Bxe4 {[%emt 0:00:33]} Bxe4 {[%emt 0:01:03]} 21. Nxe4 {[%emt 0:00:24]} Bxh2+ {[%emt 0:01:41]} 22. Kg2 {[%emt 0:00:11]} Be5 {[%emt 0:00:29]} 23. f4 {[%emt 0:00:19]} Bd4 {[%emt 0:00:13]} 24. Kf3 {[%emt 0:02:21]} Nf6 {[%emt 0:00:39]} 25. Nxf6+ {[%emt 0:00:27]} Bxf6 {[%emt 0:00:05]} 26. Be3 {[%emt 0:00:40]} Rd3 {[%emt 0:00:23]} 27. Rad1 {[%emt 0:00:16]} Rad8 {[%emt 0:00:13]} 28. Rxd3 {[%emt 0:00:48]} Rxd3 {[%emt 0:00:06]} 29. Kg4 {[%emt 0:00:10]} g6 {[%emt 0:00:08]} 0-1

[Event "GAMMA Reykjavik Open 2019"]
[Site "Reykjavik"]
[Date "2019.04.13"]
[Round "6.27"]
[White "Kevlishvili, Robby"]
[Black "Esbensen, Kai Inge"]
[Result "1-0"]
[WhiteElo "2451"]
[BlackElo "1985"]
[Annotator "TA"]
[PlyCount "85"]
[EventDate "2019.04.04"]
[EventType "swiss"]
[EventCountry "ISL"]
[SourceTitle "playchess.com"]
[Source "ChessBase"]
[SourceQuality "1"]

{[%evp 24,85,48,25,26,22,39,43,62,0,135,115,127,118,193,182,193,191,343,363,347,346,560,175,186,169,246,239,185,132,197,135,139,113,141,134,151,142,194,185,188,111,233,252,212,238,230,219,421,420,400,394,395,440,456,504,448,495,654,491,465,467,841,826]} 1. e4 e5 2. Nf3 Nc6 3. Bb5 a6 4. Ba4 Nf6 5. O-O Be7 6. Re1 b5 7. Bb3 d6 8. c3 O-O 9. h3 Nb8 10. d4 Nbd7 11. c4 Bb7 12. Nc3 c6 13. a3 Re8 {C95: Closed Ruy Lopez: Breyer Variation with 10 d4} (13... Rb8 14. Be3 Ba8 15. Qc2 h6 16. Rad1 Qc7 17. Ba2 Rbc8 18. Rc1 Qb8 19. Nh4 Rfe8 20. Nf5 Bf8 21. cxb5 axb5 {0-1 (46) Smirin,I (2609)-Kamsky,G (2666) St Petersburg 2018}) 14. Ba2 h6 15. dxe5 $146 ({Predecessor:} 15. cxb5 cxb5 16. Nh4 exd4 17. Qxd4 d5 18. exd5 Bc5 19. Rxe8+ Qxe8 20. Qd1 Ne4 21. Nxe4 Qxe4 {0-1 (32) Santiago,Y (2466)-Khusenkhojaev,M (2381) Varna 2014}) 15... dxe5 {White is slightly better.} 16. b4 (16. cxb5 $14 cxb5 17. b4) 16... Qc7 (16... c5 $11 {keeps the balance.}) 17. Qb3 $1 $16 Rf8 18. c5 Nh7 (18... a5 $16 {was worth a try.}) 19. Ne2 $18 Ng5 20. Ng3 g6 $2 (20... Nxf3+ 21. Qxf3 Nf6) 21. h4 Nxf3+ 22. Qxf3 Kg7 $2 {[#]} (22... Nf6 23. Bxh6 Kh7) 23. h5 $2 (23. Nh5+ $1 {[%mdl 512]} Kg8 (23... gxh5 24. Qxh5) 24. Bxh6) 23... Nf6 24. Bb2 Rae8 (24... Kh7 $142 25. Bb3 Bc8 26. hxg6+ fxg6) 25. hxg6 fxg6 {[#]} 26. Qc3 (26. Nf5+ $1 $18 {[%mdl 512]} gxf5 27. Qg3+ (27. exf5 Bd8 $11) 27... Kh7 28. Bxe5 (28. exf5 Bd8 $18)) 26... Nd7 (26... Bd8 $16 27. Rad1 Kh7) 27. Nf1 (27. Rad1 $18) 27... Bh4 28. g3 Bf6 29. Rad1 Bc8 30. Ne3 h5 (30... Kh7 $16 {is a better defense.} 31. Rd6 Bg7) 31. Rd6 Be7 32. Rd3 (32. Re6 $18) 32... Bf6 (32... Kh7 $16 33. Ng2 Nf6 34. Qxe5 Qxe5 35. Bxe5 Ng4) 33. Red1 Kh7 34. Qd2 Nb8 35. Rd6 Bg7 $2 (35... Bh3 {was called for.} 36. Qc3 Qg7) 36. Kg2 Bh6 {If only Black now had time for ...Bg4....} 37. Qe2 Qe7 {[#]} 38. Nf5 $1 {[%mdl 512]} Bxf5 {White is clearly winning.} 39. exf5 Rxf5 40. Re6 Qf8 41. Rxe8 Qxe8 42. Bb1 Rg5 {[#]} (42... e4 $142 43. Qxe4 Qxe4+ 44. Bxe4 Rf8) 43. f4 $1 {[%mdl 512] Accuracy: White = 73%, Black = 35%.} 1-0

[Event "GAMMA Reykjavik Open 2019"]
[Site "Reykjavik"]
[Date "2019.04.13"]
[Round "6.28"]
[White "Thorsteinsdottir, Gudlaug"]
[Black "Kjartansson, Gudmundur"]
[Result "0-1"]
[WhiteElo "1984"]
[BlackElo "2444"]
[Annotator "TA"]
[PlyCount "114"]
[EventDate "2019.04.04"]
[EventType "swiss"]
[EventCountry "ISL"]
[SourceTitle "playchess.com"]
[Source "ChessBase"]
[SourceQuality "1"]

{[%evp 10,114,16,10,15,4,15,0,0,0,22,6,8,0,0,0,0,0,0,0,0,-14,-14,-33,-28,-38,-28,-33,-45,-37,0,0,0,5,44,3,64,62,86,53,37,35,53,0,62,65,62,58,67,67,67,64,75,64,61,0,12,12,56,54,53,48,36,17,17,13,14,14,15,14,13,15,59,44,68,70,119,0,0,-83,-83,-152,-143,-148,-142,-110,-114,-143,-126,-182,-174,-218,-239,-320,-312,-304,-304,-324,-324,-442,-442,-442,-442,-442,-442,-2376,-2383]} 1. d4 Nf6 2. c4 e6 3. Nf3 b6 4. a3 Bb7 5. e3 g6 6. Nc3 Bg7 {E12: Queen's Indian: Unusual White 4th moves, 4 a3, 4 Nc3 Bb7 5 a3 and 4 Nc3 Bb7} 7. Be2 (7. Bd3 c5 8. d5 exd5 9. cxd5 Nxd5 10. Nxd5 Bxd5 11. Bxg6 hxg6 12. Qxd5 Nc6 13. Rb1 Rh5 14. Qd3 {½-½ (49) Gheorghiu,F (2382)-Ovsejevitsch,S (2588) Switzerland 2016}) 7... O-O 8. O-O c5 {The position is equal.} 9. d5 exd5 10. cxd5 Re8 11. Re1 d6 12. Bc4 a6 13. a4 Ne4 $146 ({Predecessor:} 13... Bc8 14. h3 {1-0 (27) Vujovic,M (2345)-Sulava,N (2480) Milan 1996}) 14. Nxe4 Rxe4 15. Nd2 Re7 16. Ra3 Nd7 17. e4 Qc7 18. Nf3 Rae8 19. Rae3 Ne5 20. Nxe5 Bxe5 21. R3e2 Bd4 22. Qd3 Qc8 (22... Bc8 $11) 23. Bf4 $14 Rd8 24. Qg3 Qd7 25. Qb3 Qc7 26. Qd3 ({White should play} 26. h3 $14) 26... Ra8 (26... Qc8 $1 $11) 27. h3 Ree8 28. Qg3 Qd7 29. Bxd6 Qxa4 30. b3 Qb4 31. Rd1 {[#] Threatens to win with Rxd4!} Bg7 32. Qe3 (32. Rb1 $14) 32... Rac8 33. Qd2 Bc3 (33... b5 $5 {[%cal Rb5c4]} 34. Qxb4 cxb4 $11) 34. Qc2 b5 35. Re3 Bg7 36. Be2 Bd4 37. Bg4 $36 {[%mdl 2048] Black is under pressure.} Rcd8 38. Rxd4 Qxd4 39. Bxc5 Qa1+ 40. Kh2 h5 41. Bf3 Qe5+ 42. g3 f5 43. exf5 (43. Qd2 $16 {Bd4 is the strong threat.} f4 44. Rc3) 43... Qxf5 $11 44. Be4 {[#]} (44. Rd3 $11) 44... Rxe4 $1 $17 {[%mdl 512]} 45. Rxe4 (45. Qxe4 $142 Qxf2+ 46. Qg2 Qxg2+ 47. Kxg2) 45... Bxd5 46. Re2 Qxc2 47. Rxc2 Bxb3 {[%mdl 4096] Endgame KRB-KRB} 48. Rb2 Rd3 49. g4 (49. Bb4 $17 {was necessary.}) 49... a5 $19 {[%cal Ba6a5,Ba5a4,Ba4a3,Ba3a2][%mdl 32]} 50. gxh5 gxh5 51. f4 Kf7 52. Re2 Be6 53. Re5 h4 ({Don't take} 53... Rxh3+ 54. Kg2) (53... Bxh3 54. Rxh5 Bd7 55. Kg1 $19) 54. Bb6 a4 {Black is clearly winning.} 55. Rxb5 a3 56. Ra5 a2 57. Kg2 (57. f5 $142 Bd5 58. Bd8 Rd2+ 59. Kg1 Rd1+ 60. Kf2) 57... Rd1 {Accuracy: White = 55%, Black = 65%.} 0-1